| 000 | 00513nam a2200157 a 4500 | ||
|---|---|---|---|
| 001 | 000040238 | ||
| 005 | 20201002034013.0 | ||
| 008 | 130819s1973 sp ac 000 0 spa d | ||
| 020 | _a8433600389 | ||
| 040 |
_aDO-SdBNP _bspa _cBNPHU |
||
| 100 | 1 |
_aTylor, Edward B. _966503 |
|
| 245 | 1 | 0 |
_aAntropología : _b77 grabados / _cEdward B. Tylor; traducción Antonio Machado y Alvarez. |
| 260 |
_aMadrid : _bAyuso, _c1973. |
||
| 300 |
_a529 p. : _bil., retrs. ; _c22 cm. |
||
| 700 | 1 |
_aMachado y Alvarez, Antonio _epról. _966504 |
|
| 999 |
_c39728 _d39728 |
||